header

The forms of poetry; (Record no. 256384)

MARC details
000 -LEADER
fixed length control field 00848cam a22002291 4500
001 - CONTROL NUMBER
control field 2162454
003 - CONTROL NUMBER IDENTIFIER
control field OSt
005 - DATE AND TIME OF LATEST TRANSACTION
control field 20170424110501.0
008 - FIXED-LENGTH DATA ELEMENTS--GENERAL INFORMATION
fixed length control field 730522s1926 nyu 000 0 eng
010 ## - LIBRARY OF CONGRESS CONTROL NUMBER
LC control number 26012381
040 ## - CATALOGING SOURCE
Original cataloging agency DLC
Transcribing agency DLC
Modifying agency DLC
050 00 - LIBRARY OF CONGRESS CALL NUMBER
Classification number PN1042
Item number .U6
100 1# - MAIN ENTRY--PERSONAL NAME
Personal name Untermeyer, Louis,
Dates associated with a name 1885-1977.
245 14 - TITLE STATEMENT
Title The forms of poetry;
Remainder of title a pocket dictionary of verse,
Statement of responsibility, etc by Louis Untermeyer.
260 ## - PUBLICATION, DISTRIBUTION, ETC. (IMPRINT)
Place of publication, distribution, etc New York,
Name of publisher, distributor, etc Harcourt, Brace & company,
Date of publication, distribution, etc 1926.
300 ## - PHYSICAL DESCRIPTION
Extent 3 p., l., v-vii, 166 p.
Dimensions 20 cm.
505 0# - FORMATTED CONTENTS NOTE
Formatted contents note Poetry (six definitions)--Foreword.--A handbook of poetic terms.--The forms of poetry.--A brief outline of English poetry.--A summarized bibliography (p. 159-163)
650 #0 - SUBJECT ADDED ENTRY--TOPICAL TERM
Topical term or geographic name as entry element Poetics.
Topical term or geographic name as entry element English poetry
General subdivision History and criticism.
906 ## - LOCAL DATA ELEMENT F, LDF (RLIN)
a 7
b cbc
c orignew
d u
e ocip
f 19
g y-gencatlg
942 ## - ADDED ENTRY ELEMENTS (KOHA)
Source of classification or shelving scheme Library of Congress Classification
Koha item type Long Loan Books
Holdings
Withdrawn status Lost status Source of classification or shelving scheme Damaged status Not for loan Collection code Home library Current library Shelving location Date acquired Total Checkouts Full call number Barcode Date last seen Price effective from Koha item type
    Library of Congress Classification     Fiction Rongo University Library Rongo University Library General Stacks 24/04/2017   PN1042 .U6 1926 201617727 24/04/2017 24/04/2017 Long Loan Books

© 2026 Rongo University
Contact us: librarian | system librarian | Rongo university